Top 27 biggest countries - Statistics

General Stats
  • This quiz has been taken 21 times
  • The average score is 25 of 27
Answer Stats
Hint Answer % Correct
2,780,400 km2 Argentina
100%
7,692,924 km2 Australia
100%
8,515,767 km2 Brazil
100%
9,984,670 km2 Canada
100%
9,706,961 km2 China
100%
1,141,748 km2 Colombia
100%
2,344,858 km2 DR Congo
100%
17,098,242 km2 Russia
100%
2,149,690 km2 Saudi Arabia
100%
9,372,610 km2 USA
100%
3,287,590 km2 India
95%
1,904,596 km2 Indonesia
95%
2,724,900 km2 Kazakhstan
95%
1,964,375 km2 Mexico
95%
1,564,110 km2 Mongolia
95%
1,267,000 km2 Niger
95%
1,285,216 km2 Peru
95%
1,886,068 km2 Sudan
95%
2,381,742 km2 Algeria
90%
1,759,540 km2 Libya
90%
1,221,037 km2 South Africa
90%
1,284,000 km2 Chad
85%
1,104,300 km2 Ethiopia
85%
1,648,195 km2 Iran
85%
1,246,700 km2 Angola
80%
1,098,581 km2 Bolivia
80%
1,240,192 km2 Mali
80%
No matching quizzes found
Score Distribution
Percent of People with Each Score
Percentile by Number Answered
Your Score History
You have not taken this quiz